<?xml version="1.0" encoding="UTF-8"?><?xml-stylesheet type="text/xsl" href="static/style.xsl"?><OAI-PMH xmlns="http://www.openarchives.org/OAI/2.0/" xmlns:xsi="http://www.w3.org/2001/XMLSchema-instance" xsi:schemaLocation="http://www.openarchives.org/OAI/2.0/ http://www.openarchives.org/OAI/2.0/OAI-PMH.xsd"><responseDate>2026-04-29T17:21:21Z</responseDate><request verb="GetRecord" identifier="oai:riubu.ubu.es:10259/11548" metadataPrefix="marc">https://riubu.ubu.es/oai/request</request><GetRecord><record><header><identifier>oai:riubu.ubu.es:10259/11548</identifier><datestamp>2026-04-29T00:05:45Z</datestamp><setSpec>com_10259_7354</setSpec><setSpec>com_10259_7353</setSpec><setSpec>com_10259_2604</setSpec><setSpec>col_10259_7390</setSpec></header><metadata><record xmlns="http://www.loc.gov/MARC21/slim" xmlns:doc="http://www.lyncode.com/xoai" xmlns:xsi="http://www.w3.org/2001/XMLSchema-instance" xmlns:dcterms="http://purl.org/dc/terms/" xsi:schemaLocation="http://www.loc.gov/MARC21/slim http://www.loc.gov/standards/marcxml/schema/MARC21slim.xsd">
<leader>00925njm 22002777a 4500</leader>
<datafield tag="042" ind1=" " ind2=" ">
<subfield code="a">dc</subfield>
</datafield>
<datafield tag="720" ind1=" " ind2=" ">
<subfield code="a">Miguel Borge, Marta</subfield>
<subfield code="e">author</subfield>
</datafield>
<datafield tag="720" ind1=" " ind2=" ">
<subfield code="a">Segura Zariquiegui, Ainhoa</subfield>
<subfield code="e">author</subfield>
</datafield>
<datafield tag="720" ind1=" " ind2=" ">
<subfield code="a">Greca Dufranc, Ileana María</subfield>
<subfield code="e">author</subfield>
</datafield>
<datafield tag="720" ind1=" " ind2=" ">
<subfield code="a">Alonso Centeno, Almudena</subfield>
<subfield code="e">author</subfield>
</datafield>
<datafield tag="720" ind1=" " ind2=" ">
<subfield code="a">Mata Torres, Susana</subfield>
<subfield code="e">author</subfield>
</datafield>
<datafield tag="260" ind1=" " ind2=" ">
<subfield code="c">2026-02-26</subfield>
</datafield>
<datafield tag="520" ind1=" " ind2=" ">
<subfield code="a">Planeta en tensión: cuando el equilibrio se rompe guía a los estudiantes a través de un viaje interdisciplinario para comprender el impacto de la contaminación y la fragilidad de los ecosistemas marinos, usando como eje estructurante Sunakay de Martí Meritxell, una novela que te transporta a un futuro de desechos, a través de la vida de dos hermanas que sobreviven en una isla de plástico. Inspirado en la historia de supervivencia y regeneración, este material didáctico combina lectura, debate y actividades prácticas para analizar la contaminación marina y ambiental derivada de nuestros modelos de consumo actuales.&#xd;
&#xd;
A través de tareas individuales y colaborativas, el alumnado reflexiona sobre los impactos en la salud, sociales, ambientales y económicos de la moda rápida, tanto en los ecosistemas como en las comunidades humanas, y propone acciones y soluciones de consumo más responsables. El enfoque fomenta el pensamiento crítico, la conciencia social y el desarrollo de competencias comunicativas en distintos idiomas.&#xd;
&#xd;
Este manual, que incluye tres unidades y está diseñado según el modelo PROMISED, proporciona a los profesores un marco flexible y listo para usar que conecta la literatura, la educación STEAM y la ciudadanía global. El material se adapta a diferentes contextos docentes, siendo un recurso versátil que fomenta la innovación en las aulas bilingües y multilingües. Incluye actividades prácticas, recursos digitales y herramientas de evaluación, todos ellos alineados con los retos de la sostenibilidad global y la conservación marina.&#xd;
&#xd;
Sobre el proyecto:&#xd;
&#xd;
PROMISED es un proyecto Erasmus+ coordinado por la Universidad de Burgos en colaboración con Howest University, la Universidad Matej Bel, la Universidad de Granada, el CFIE de Burgos y Kveloce. Su objetivo es diseñar e implementar un modelo didáctico innovador que integre la educación STEAM, el aprendizaje bilingüe (AICLE/CLIL), la sostenibilidad y las competencias digitales en la educación secundaria, promoviendo así las transiciones verde y digital en la educación en Europa, para responder a las necesidades del alumnado del siglo XXI y apoyar a los centros escolares frente a los desafíos educativos actuales.</subfield>
</datafield>
<datafield tag="024" ind2=" " ind1="8">
<subfield code="a">979-13-87585-31-0</subfield>
</datafield>
<datafield tag="024" ind2=" " ind1="8">
<subfield code="a">979-13-87585-32-7</subfield>
</datafield>
<datafield tag="024" ind2=" " ind1="8">
<subfield code="a">https://hdl.handle.net/10259/11548</subfield>
</datafield>
<datafield tag="024" ind2=" " ind1="8">
<subfield code="a">10.36443/9791387585310</subfield>
</datafield>
<datafield tag="024" ind2=" " ind1="8">
<subfield code="a">10.36443/9791387585327</subfield>
</datafield>
<datafield ind1=" " ind2=" " tag="653">
<subfield code="a">AICLE</subfield>
</datafield>
<datafield ind1=" " ind2=" " tag="653">
<subfield code="a">STEAM</subfield>
</datafield>
<datafield ind1=" " ind2=" " tag="653">
<subfield code="a">Educación secundaria</subfield>
</datafield>
<datafield ind1=" " ind2=" " tag="653">
<subfield code="a">Situaciones de aprendizaje</subfield>
</datafield>
<datafield ind1=" " ind2=" " tag="653">
<subfield code="a">Digitalización</subfield>
</datafield>
<datafield ind1=" " ind2=" " tag="653">
<subfield code="a">Sostenibilidad</subfield>
</datafield>
<datafield ind1=" " ind2=" " tag="653">
<subfield code="a">Indagación</subfield>
</datafield>
<datafield ind1=" " ind2=" " tag="653">
<subfield code="a">Bilingüismo</subfield>
</datafield>
<datafield tag="245" ind1="0" ind2="0">
<subfield code="a">Planeta en tensión: cuando el equilibrio se rompe</subfield>
</datafield>
</record></metadata></record></GetRecord></OAI-PMH>